Normal view
MARC view
- Image
Entry Topical Term
001 - CONTROL NUMBER
- control field: 100438
003 - CONTROL NUMBER IDENTIFIER
- control field: NUST
005 - DATE AND TIME OF LATEST TRANSACTION
- control field: 20221017122722.0
008 - FIXED-LENGTH DATA ELEMENTS
- fixed length control field: 221017|| aca||aabn | a|a d
040 ## - CATALOGING SOURCE
- Original cataloging agency: NUST
- Transcribing agency: NUST
150 ## - HEADING--TOPICAL TERM
- Topical term or geographic name entry element: Image
670 ## - SOURCE DATA FOUND
- Source citation: Work cat.: (NUST)183208: Abidi,Hussain Akram Saiyed 100437, Image intensifiers and systems for the conquest of darkness /, 1987
